| 000 | 00367nam a2200109Ia 4500 | ||
|---|---|---|---|
| 008 | 171204s9999 xx 000 0 und d | ||
| 245 | _aChildren and Youth with Autism Spectrum Disorder (ASD): | ||
| 245 | _cJames K. Luiselli | ||
| 260 | _c2014 | ||
| 650 | _xSPED 11 Psychological and Physical Knowledge Approach | ||
| 856 | _uhttp://down.ebook777.com/056/0199941572.pdf | ||
| 999 |
_c346576 _d346576 |
||